000 01041nam0a22003011 4500
001 rc\4674499
005 20250612150759.0
021 _aRU
_b[61-11047]
035 _a(NLR Aleph) 008704300
090 _a9318309
_c9318309
100 _a20130416d1961 |||y0rusy50 ca
101 0 _arus
102 _aRU
105 _aa z |||||
200 1 _aПодготовка кормов для скота и птицы
210 _aРостов-на-Дону
_cКн. изд-во
_d1961
215 _a51 с.
_cил.
_d20
300 _aПеред загл. авт.: П.Е. Ладан, Б.З. Рудой, С.В. Мельников, П.П. Винтайкин
606 _aКорма
_xПодготовка к скармливанию
_2psbo
701 1 _aМельников
_bС.В.
701 1 _aВинтайкин
_bП.П.
701 1 _aРудой
_bБ.З.
701 1 _aЛадан
_bП.Е.
_gПантелеймон Ефимович
801 0 _aRU
_bNLR
_gpsbo
801 1 _aRU
_bELAR
_2rusmarc
852 _aNLR
_j61-4/2866
942 _cBOOK
980 _aNB